[Event "It (open) \"]
[Site "masterchessopen.com Santiago (Chile)"]
[Round "0"]
[White "Montero Martinez Cristhian (CHI)"]
[Black "Mella Gustavo (CHI)"]
[Result "1-0"]
[WhiteElo "2189"]
[BlackElo "2122"]

1.c4 Nf6 2.Nc3 g6 3.e4 d6 4.d4 Bg7 5.Be2 O-O 6.Bg5 h6 7.Be3 e5 8.d5 c6 9.Qd2
cxd5 10.cxd5 Kh7 11.h4 a6 12.h5 g5 13.f3 b5 14.Bd3 Ng8 15.Nge2 Nd7 16.Rc1 Nc5
17.g4 Bd7 18.b4 Nxd3+ 19.Qxd3 Rc8 20.O-O Rc4 21.a3 Qc8 22.Ng3 Qc7 23.Nce2 Rc8
24.Rxc4 bxc4 25.Qc2 Bf6 26.Nc3 Bd8 27.Rb1 Qb7 28.Qf2 Ne7 29.Nf1 Rb8 30.Nd2 Nc8
31.Nxc4 Qc7 32.Qa2 Bb5 33.Nxb5 axb5 34.Na5 Qc3 35.Qb3 Qxb3 36.Rxb3 Ra8 37.Nb7
{#r} 1-0

[Event "It (cat.10) \"]
[Site "masterchessopen.com Stary Smokovec (Slovakia)"]
[Round "6"]
[White "Horvath Csaba (HUN)"]
[Black "Gazik Igor (SVK)"]
[Result "1-0"]
[WhiteElo "2517"]
[BlackElo "2395"]

1.d4 Nf6 2.c4 g6 3.Nc3 Bg7 4.e4 d6 5.Be2 O-O 6.Bg5 h6 7.Be3 e5 8.d5 Na6 9.Qd2
Nc5 10.f3 a5 11.Bd1 Nh7 12.Bc2 f5 13.O-O-O f4 14.Bf2 g5 15.g4 fxg3 16.hxg3 g4
17.f4 exf4 18.gxf4 b6 19.Nge2 Ng5 20.Nd4 Nh3 21.Nc6 Qe8 22.Rxh3 gxh3 23.Rg1 h2
24.Rxg7+ Kxg7 25.Bd4+ Kh7 26.Qxh2 Qf7 27.Ne2 Bg4 28.Be3 Rae8 29.Ng3 Kg7 30.Kb1
h5 31.Qh4 Rg8 32.e5 dxe5 33.fxe5 Qf3 34.Nf5+ Qxf5 35.Bxf5 Bxf5+ 36.Ka1 Bg6
37.Qf6+ Kh7 38.Qg5 {#r} 1-0

[Event "Ch World (juniors)"]
[Site "masterchessopen.com Warsaw (Poland)"]
[Round "0"]
[White "Avrukh Boris (ISR)"]
[Black "Kaminski Marcin (POL)"]
[Result "0-1"]
[WhiteElo "2600"]
[BlackElo "2320"]

1.d4 Nf6 2.c4 g6 3.Nc3 Bg7 4.e4 d6 5.Be2 O-O 6.Bg5 h6 7.Be3 c5 8.dxc5 Qa5
9.Qd2 dxc5 10.Bxh6 Rd8 11.Qe3 Bxh6 12.Qxh6 Nxe4 13.Rc1 Nc6 14.h4 Nd4 15.Nf3
Qb4 16.h5 g5 17.Nxg5 Nf6 18.Nxf7 Kxf7 19.Qg6+ Ke6 20.O-O Rg8 21.Qd3 Kf7
22.Rfe1 Bf5 23.Qe3 e6 24.h6 Qb6 25.Nd5 exd5 26.Bh5+ Nxh5 27.h7 Be4 28.hxg8=Q+
Rxg8 29.Qh3 Nf3+ 30.Kf1 Bd3+ {#R} 0-1

[Event "Staatsliga"]
[Site "masterchessopen.com Austria"]
[Round "0"]
[White "Hager Franz (AUT)"]
[Black "Wirius Stefan (AUT)"]
[Result "0-1"]
[WhiteElo "2224"]
[BlackElo "2225"]

1.d4 Nf6 2.c4 g6 3.Nc3 Bg7 4.e4 d6 5.Be2 O-O 6.Bg5 h6 7.Be3 e5 8.d5 Na6 9.g4
Nc5 10.f3 h5 11.h3 Nh7 12.Qd2 Bf6 13.O-O-O Bg5 14.gxh5 gxh5 15.b4 Na6 16.a3
Kh8 17.h4 Bxe3 18.Qxe3 Qf6 19.Rf1 c5 20.dxc6 bxc6 21.f4 Bg4 22.fxe5 Qxe5
23.Bxg4 hxg4 24.Rf5 Qe6 25.Qd4+ f6 26.Nge2 c5 27.Qd5 Qxd5 28.Nxd5 cxb4 29.axb4
Rac8 30.Kd2 Rxc4 31.Kd3 Rfc8 32.Ra1 Nxb4+ 33.Nxb4 Rxb4 34.Rxa7 Rcb8 35.Rh5
Rb3+ 36.Kd4 R8b4+ 37.Kd5 Rb5+ 38.Ke6 Rxh5 39.Nf4 Nf8+ 40.Kxf6 Rf3 {#R} 0-1

[Event "Staatsliga"]
[Site "masterchessopen.com Austria"]
[Round "0"]
[White "Nagl Franz (AUT)"]
[Black "Hager Franz (AUT)"]
[Result "0-1"]
[WhiteElo "2136"]
[BlackElo "2224"]

1.d4 Nf6 2.c4 g6 3.Nc3 Bg7 4.e4 d6 5.Be2 O-O 6.Bg5 h6 7.Be3 Na6 8.Qd2 Kh7
9.O-O-O b6 10.h4 c5 11.d5 Nc7 12.h5 g5 13.Nh3 Bxh3 14.Rxh3 Nd7 15.g3 a6 16.f4
gxf4 17.gxf4 Rg8 18.Bd3 Kh8 19.Bb1 b5 20.e5 bxc4 21.Qc2 Nf8 22.Rg3 Rb8 23.Qg2
Qc8 24.Rg1 Ne8 25.f5 dxe5 26.Qd2 Nh7 27.Bxh6 Qb7 28.Bxg7+ Rxg7 29.Rxg7 Nxg7
30.f6 exf6 31.h6 Nh5 32.Qc2 f5 33.Qxf5 Qxb2+ 34.Kd1 N5f6 35.Qxe5 Re8 36.Qf5
Qxc3 {#R} 0-1

[Event "It (open)"]
[Site "masterchessopen.com Balatonbereny (Hungary)"]
[Round "0"]
[White "Bagonyai Attila (HUN)"]
[Black "Clissold Benjamin (ENG)"]
[Result "1-0"]
[WhiteElo "2343"]
[BlackElo "2135"]

1.d4 Nf6 2.c4 g6 3.Nc3 Bg7 4.e4 d6 5.Be2 O-O 6.Bg5 h6 7.Be3 b6 8.g4 a6 9.h4
Bb7 10.d5 Nh7 11.Qd2 e5 12.Bxh6 c6 13.Be3 b5 14.b3 Qa5 15.Nh3 Nf6 16.f3 cxd5
17.cxd5 Rc8 18.Nd1 Qa3 19.Ng5 Nbd7 20.h5 Nc5 21.Rb1 Rc7 22.b4 Rd8 23.bxc5 dxc5
24.hxg6 {#r} 1-0

[Event "It (open)"]
[Site "masterchessopen.com Bern (Switzerland)"]
[Round "8"]
[White "Yakovich Yuri (RUS)"]
[Black "Von Gleich Alexander (GER)"]
[Result "1-0"]
[WhiteElo "2525"]
[BlackElo "2334"]

1.d4 Nf6 2.c4 g6 3.Nc3 Bg7 4.e4 d6 5.Be2 O-O 6.Bg5 h6 7.Be3 Nbd7 8.f3 c5 9.d5
Ne5 10.f4 Neg4 11.Bd2 h5 12.h3 Nh6 13.Nf3 e6 14.dxe6 fxe6 15.O-O Nf7 16.Bd3 e5
17.Nh4 exf4 18.Nxg6 Ne5 19.Nxf4 Nfg4 20.Be2 Qh4 21.Qe1 Nf3+ 22.Bxf3 Bd4+
23.Kh1 Nf2+ 24.Rxf2 Bxf2 25.Qf1 Kh7 26.Ncd5 Bg3 27.Be1 Rxf4 28.Bxg3 Qxg3
29.Nxf4 Qxf4 30.Bxh5 Qh4 31.Qf7+ Kh8 32.Qe8+ Kh7 33.Qg6+ {#r} 1-0

[Event "It (open)"]
[Site "masterchessopen.com Biel (Switzerland)"]
[Round "3"]
[White "Polak Tomas (CZE)"]
[Black "Apicella Manuel (FRA)"]
[Result "1-0"]
[WhiteElo "2410"]
[BlackElo "2450"]

1.d4 Nf6 2.c4 g6 3.Nc3 Bg7 4.e4 d6 5.Be2 O-O 6.Bg5 h6 7.Be3 e5 8.d5 Na6 9.Qd2
Nc5 10.f3 a5 11.Bd1 Nfd7 12.h4 f5 13.Bxh6 fxe4 14.Nxe4 Nxe4 15.fxe4 Nc5 16.Bf3
Nd3+ 17.Qxd3 Bxh6 18.Ne2 Qf6 19.Kd1 c6 20.Kc2 cxd5 21.exd5 b5 22.cxb5 Bf5
23.Be4 Rac8+ 24.Kb3 a4+ 25.Kxa4 Qe7 26.Kb3 Rc5 27.a4 Qb7 28.Nc3 Rfc8 29.g4
Bxe4 30.Nxe4 {#r} 1-0

[Event "It (open) \"]
[Site "masterchessopen.com Buenos Aires (Argentina)"]
[Round "4"]
[White "Nieva Jose Luis (ARG)"]
[Black "Roca Alfredo (ARG)"]
[Result "0-1"]
[WhiteElo "2043"]
[BlackElo "2364"]

1.d4 Nf6 2.c4 g6 3.Nc3 Bg7 4.e4 d6 5.Be2 O-O 6.Bg5 h6 7.Be3 e5 8.d5 Na6 9.f3
Nh5 10.Qd2 f5 11.Bd1 c6 12.dxc6 bxc6 13.Ba4 f4 14.Bf2 Qc7 15.Rd1 Rd8 16.Nge2
Be6 17.Bb3 Nc5 18.Nc1 Nf6 19.O-O Bf8 20.Qe2 Rab8 21.Rd2 Be7 22.Rfd1 Nfd7
23.Na4 Rf8 24.Nxc5 Nxc5 25.Bxc5 dxc5 26.Qf2 Rfd8 27.Rxd8+ Rxd8 28.Rxd8+ Qxd8
29.Qe2 Qd4+ 30.Kf1 g5 31.h3 Kg7 32.Nd3 Bxc4 33.Bxc4 Qxc4 34.Nxe5 Qc1+ 35.Kf2
c4 36.Nd7 Bb4 {#R} 0-1

[Event "Memorial Angel Rodrigues (open)"]
[Site "masterchessopen.com Candas (Spain)"]
[Round "0"]
[White "Levin Felix (GER)"]
[Black "Bazan Solera Manuel (ESP)"]
[Result "1-0"]
[WhiteElo "2475"]
[BlackElo "2010"]

1.d4 Nf6 2.c4 g6 3.Nc3 Bg7 4.e4 d6 5.Be2 O-O 6.Bg5 h6 7.Be3 e5 8.d5 Nbd7 9.Qd2
Kh7 10.g4 Nc5 11.f3 Ne8 12.h4 a6 13.h5 g5 14.b4 Nd7 15.a3 c6 16.Bd3 Kh8
17.Nge2 a5 18.Kf2 Ndf6 19.Ng3 Nc7 20.Bb6 axb4 21.axb4 Rxa1 22.Rxa1 Nd7 23.Be3
Na6 24.dxc6 bxc6 25.Rb1 c5 26.b5 Nb4 27.Be2 Nb6 28.Rd1 Be6 29.Bxc5 Nd3+
30.Qxd3 Nxc4 31.Na4 Qa5 32.Qc2 dxc5 33.Bxc4 Rd8 34.Bxe6 fxe6 35.Rxd8+ Qxd8
36.Qxc5 Qd2+ 37.Ne2 {#r} 1-0

[Event "It (open) \"]
[Site "masterchessopen.com Cologne (Germany)"]
[Round "6"]
[White "Balduan Markus (GER)"]
[Black "Wisskirchen Andreas (GER)"]
[Result "0-1"]
[WhiteElo "2269"]
[BlackElo "2233"]

1.c4 Nf6 2.Nc3 g6 3.d4 Bg7 4.e4 d6 5.Be2 O-O 6.Bg5 h6 7.Be3 e5 8.dxe5 dxe5
9.Qxd8 Rxd8 10.Nd5 Nxd5 11.cxd5 c6 12.Bc4 b5 13.Bb3 Bb7 14.Rc1 Rd7 15.dxc6
Nxc6 16.Bd5 Nb4 17.Bxb7 Nd3+ 18.Kf1 Nxc1 19.Bd5 Rc8 20.Nf3 Nd3 21.Ke2 Nxb2
22.Bb3 Na4 23.Ra1 Nc3+ 24.Ke1 Nxe4 {#R} 0-1

[Event "It (open) \"]
[Site "masterchessopen.com Cologne (Germany)"]
[Round "2"]
[White "Dokhoian Yury (RUS)"]
[Black "Gustavsson Cyrill (SWE)"]
[Result "1-0"]
[WhiteElo "2580"]
[BlackElo "2206"]

1.d4 Nf6 2.c4 g6 3.Nc3 Bg7 4.e4 O-O 5.Be2 d6 6.Bg5 h6 7.Be3 e5 8.d5 Na6 9.Qd2
Nc5 10.f3 a5 11.Bd1 Nh5 12.Bc2 f5 13.exf5 Bxf5 14.O-O-O Nf4 15.g3 Nfd3+ 16.Kb1
Nb4 17.Bxf5 Rxf5 18.Bxc5 dxc5 19.Ne4 b6 20.a3 Na6 21.Qe3 Qf8 22.Rd3 h5 23.h4
Bh6 24.Qe2 Qe8 25.Nh3 b5 26.g4 Rf8 27.Nhg5 bxc4 28.Rc3 Qb5 29.Ne6 Rf7 30.gxh5
gxh5 31.Qg2+ Bg7 32.Nf6+ {#r} 1-0

[Event "It (open) \"]
[Site "masterchessopen.com Cologne (Germany)"]
[Round "5"]
[White "Movsziszian Karen (ARM)"]
[Black "Ottens Stephan (GER)"]
[Result "1-0"]
[WhiteElo "2440"]
[BlackElo "2210"]

1.d4 Nf6 2.c4 g6 3.Nc3 Bg7 4.e4 d6 5.Be2 O-O 6.Bg5 h6 7.Be3 e5 8.d5 h5 9.h3
Nh7 10.g4 h4 11.Nf3 c5 12.Qd2 Bf6 13.g5 Be7 14.Rg1 Kg7 15.Nxh4 Rh8 16.Bg4 Bxg4
17.Rxg4 Nxg5 18.Bxg5 Bxg5 19.Nf5+ gxf5 20.Rxg5+ Kf8 21.Rxf5 Qh4 22.O-O-O Nd7
23.Nb5 Ke7 24.f4 a6 25.Nc3 Rag8 26.fxe5 Nxe5 27.Rxe5+ dxe5 28.d6+ Kd8 29.Qd5
Qxh3 30.Qxb7 Qc8 31.Qe7# 1-0

[Event "It (open)"]
[Site "masterchessopen.com Czestochowa (Poland)"]
[Round "7"]
[White "Obodchuk Andrei (RUS)"]
[Black "Semenova Lidia K (UKR)"]
[Result "1-0"]
[WhiteElo "2384"]
[BlackElo "2209"]

1.d4 Nf6 2.c4 g6 3.Nc3 Bg7 4.e4 d6 5.Be2 O-O 6.Bg5 h6 7.Be3 e5 8.d5 a5 9.Qd2
Kh7 10.h4 Ng8 11.h5 g5 12.g4 Nf6 13.f3 Nfd7 14.Nh3 Bf6 15.Kf1 Na6 16.Kg2 Ndc5
17.Nf2 Be7 18.Rhb1 Bd7 19.b3 b6 20.Nh1 Qc8 21.Ng3 Qb7 22.Bd1 Rfb8 23.a3 Qc8
24.b4 Nb7 25.Bc2 Qe8 26.Bd3 Nd8 27.Qe2 c5 28.dxc6 Nxc6 29.Nd5 Nd4 30.Bxd4 exd4
31.e5+ {#r} 1-0

[Event "Ch Europe (team)"]
[Site "masterchessopen.com Debrecen (Hungary)"]
[Round "0"]
[White "Norri Joose (FIN)"]
[Black "Berend Fred (LUX)"]
[Result "1-0"]
[WhiteElo "2400"]
[BlackElo "2285"]

1.d4 Nf6 2.c4 g6 3.Nc3 Bg7 4.e4 d6 5.Be2 O-O 6.Bg5 h6 7.Be3 e5 8.d5 a5 9.h4
Na6 10.h5 g5 11.f3 Nc5 12.g4 Nfd7 13.Nh3 f5 14.exf5 e4 15.f4 gxf4 16.Nxf4 Ne5
17.Bxc5 dxc5 18.Nxe4 Qe7 19.Qc2 Ra6 20.O-O-O Re8 21.Ne6 Bxe6 22.fxe6 Rb6 23.g5
Rf8 24.gxh6 Bxh6+ 25.Kb1 Qh7 26.Rdf1 Bg7 27.h6 Rxf1+ 28.Rxf1 Qxh6 29.e7 Qg6
30.Nf6+ {#r} 1-0

[Event "Ch World (juniors) (under 12)"]
[Site "masterchessopen.com Duisburg (Germany)"]
[Round "0"]
[White "Labollita Martin (ARG)"]
[Black "Stevic Hrvoje (CRO)"]
[Result "0-1"]
[WhiteElo "2402"]
[BlackElo "2621"]

1.d4 Nf6 2.c4 g6 3.Nc3 Bg7 4.e4 d6 5.Be2 O-O 6.Bg5 h6 7.Bh4 c5 8.d5 a6 9.f4
Bd7 10.a4 Qa5 11.Bd3 Ng4 12.Qd2 Re8 13.Nf3 b5 14.cxb5 axb5 15.O-O c4 16.axb5
Qb6+ 17.Kh1 Rxa1 18.Rxa1 cxd3 19.h3 Bxc3 20.bxc3 Nf6 21.e5 Nxd5 22.f5 Qe3
23.Qa2 Nxc3 24.Qb3 d2 25.fxg6 Be6 26.gxf7+ Bxf7 {#R} 0-1

[Event "It"]
[Site "masterchessopen.com Elgoibar (Spain)"]
[Round "2"]
[White "Ubilava Elizbar (ESP)"]
[Black "Lakunza Juan Carlos (ESP)"]
[Result "1-0"]
[WhiteElo "2527"]
[BlackElo "2123"]

1.c4 Nf6 2.Nc3 g6 3.e4 d6 4.d4 Bg7 5.Be2 O-O 6.Bg5 h6 7.Be3 e5 8.d5 Na6 9.Qd2
Kh7 10.h4 c6 11.h5 g5 12.f3 Nc7 13.g4 c5 14.Nh3 Ng8 15.a3 b6 16.b4 a6 17.Rb1
Bd7 18.O-O Qe7 19.bxc5 bxc5 20.Rb7 Rfc8 21.Rfb1 Bf6 22.Bd1 Qe8 23.Qb2 Bd8
24.Nf2 Nf6 25.Qb3 Kg8 26.Nd3 Be7 27.Qb6 Qd8 28.Nxe5 dxe5 29.d6 Ne6 30.dxe7
Qxe7 31.Nd5 Nxd5 32.cxd5 Nd8 33.Qxh6 Nxb7 34.Rxb7 f6 35.Ba4 Rd8 36.d6 Qf7
37.Bxc5 {#r} 1-0

[Event "It (open)"]
[Site "masterchessopen.com Finkenstein (Austria)"]
[Round "0"]
[White "Hauschild Andreas (GER)"]
[Black "Haider Bernd (AUT)"]
[Result "1-0"]
[WhiteElo "2266"]
[BlackElo "2096"]

1.d4 Nf6 2.c4 g6 3.Nc3 Bg7 4.e4 d6 5.Be2 O-O 6.Bg5 h6 7.Be3 e5 8.d5 Na6 9.h4
Nc5 10.Qc2 Ng4 11.Bxg4 Bxg4 12.f3 Bc8 13.h5 f5 14.hxg6 f4 15.Bf2 Qg5 16.Rh2
Qxg6 17.O-O-O a5 18.g3 fxg3 19.Rg2 Rf7 20.Rxg3 Qf6 21.Be3 Kf8 22.Qg2 Ke7
23.Rg6 {#r} 1-0

[Event "Bundesliga 1991/92"]
[Site "masterchessopen.com Germany"]
[Round "0"]
[White "Bareev Evgeny (RUS)"]
[Black "Wahls Matthias (GER)"]
[Result "1-0"]
[WhiteElo "2670"]
[BlackElo "2540"]

1.d4 Nf6 2.c4 g6 3.Nc3 Bg7 4.e4 d6 5.Be2 O-O 6.Bg5 h6 7.Be3 Nbd7 8.Qd2 c5 9.d5
Kh7 10.h3 Qa5 11.Nf3 a6 12.O-O b5 13.a3 bxc4 14.Bxc4 Ne8 15.Rab1 Rb8 16.Rfc1
Nc7 17.b4 cxb4 18.axb4 Rxb4 19.Na2 Ra4 20.Bb3 Qxd2 21.Nxd2 Rxa2 22.Bxa2 Nb5
23.Bc4 Na3 24.Rb3 Nxc4 25.Rxc4 f5 26.Rc7 Re8 27.exf5 gxf5 28.Nc4 Kg8 29.Bf4
Bf8 30.Nb6 Nxb6 31.Rxb6 e5 32.Bxh6 Bxh6 33.Rxd6 {#r} 1-0

[Event "Bundesliga 1991/92"]
[Site "masterchessopen.com Germany"]
[Round "0"]
[White "Bosbach Gerhard (GER)"]
[Black "Graf Juergen (GER)"]
[Result "0-1"]
[WhiteElo "2204"]
[BlackElo "2440"]

1.d4 Nf6 2.c4 g6 3.Nc3 Bg7 4.e4 d6 5.Be2 O-O 6.Bg5 h6 7.Be3 e5 8.d5 Nbd7 9.Bf3
Nh7 10.h4 f5 11.g3 f4 12.gxf4 exf4 13.Bd4 Ne5 14.Bxe5 Bxe5 15.Nge2 Nf6 16.Rg1
Kh7 17.Qc2 Ng8 18.Rh1 c5 19.dxc6 bxc6 20.O-O-O Qb6 21.Rh2 Be6 22.b3 Rab8
23.Rg2 Qc5 24.Rd3 Nf6 25.Kd1 Rb4 26.Na4 Rxa4 27.bxa4 Bxc4 28.Rd2 Rb8 29.Ke1
Rb2 30.Qd1 Qa5 31.Qc1 Rxa2 {#R} 0-1

[Event "Bundesliga 1992/93"]
[Site "masterchessopen.com Germany"]
[Round "0"]
[White "Boensch Uwe (GER)"]
[Black "Von Gleich Alexander (GER)"]
[Result "1-0"]
[WhiteElo "2490"]
[BlackElo "2334"]

1.d4 Nf6 2.c4 g6 3.Nc3 Bg7 4.e4 d6 5.Be2 O-O 6.Bg5 h6 7.Be3 Nbd7 8.Qd2 c5 9.d5
Kh7 10.g4 b5 11.cxb5 e6 12.g5 hxg5 13.dxe6 fxe6 14.Nf3 Qe7 15.Nxg5+ Kh8
16.O-O-O d5 17.exd5 exd5 18.Nxd5 Nxd5 19.Qxd5 Nb6 20.Qd6 Qxd6 21.Rxd6 Na4
22.Rd2 Bf5 23.h4 c4 24.h5 Rfc8 25.Rd4 c3 26.b3 Nb6 27.Rd6 Kg8 28.hxg6 Be5
29.Nf7 Bxd6 30.Rh8+ Kg7 {#r} 1-0

[Event "Oberliga NRW 1991/92"]
[Site "masterchessopen.com Germany"]
[Round "0"]
[White "Skutta Bernd (GER)"]
[Black "Plass Heinz (GER)"]
[Result "0-1"]
[WhiteElo "2082"]
[BlackElo "2176"]

1.d4 Nf6 2.c4 g6 3.Nc3 Bg7 4.e4 d6 5.Be2 O-O 6.Bg5 h6 7.Be3 e5 8.d5 Nbd7 9.g4
Ne8 10.Qd2 Kh7 11.h4 f5 12.gxf5 gxf5 13.exf5 Nc5 14.b4 Na6 15.Ne4 Bxf5 16.Bd3
Qd7 17.Ne2 Nf6 18.N2g3 Nxe4 19.Nxe4 Rae8 20.f3 c6 21.Ke2 cxd5 22.cxd5 Nc7
23.Rag1 Nxd5 24.Ng5+ hxg5 25.hxg5+ Kg8 26.Bc4 Be6 27.Bxd5 Qb5+ 28.Qd3 Qxd3+
29.Kxd3 Bxd5 30.g6 Rxf3 31.Rh7 Rc8 32.Kd2 e4 33.Bg5 Bc3+ 34.Kd1 e3 35.Re7 Be5
36.g7 Rf7 37.Rxf7 Kxf7 38.Bxe3 Bxg7 39.Bxa7 Bxa2 {#R} 0-1

[Event "It (open)"]
[Site "masterchessopen.com Giessen (Germany)"]
[Round "0"]
[White "Fuhrmeister Ulf-Theo (GER)"]
[Black "Bouaraba Max (GER)"]
[Result "0-1"]
[WhiteElo "2039"]
[BlackElo "2195"]

1.d4 Nf6 2.c4 g6 3.Nc3 Bg7 4.e4 O-O 5.Be2 d6 6.Bg5 h6 7.Be3 e5 8.d5 Nbd7 9.g4
Nc5 10.Bf3 a5 11.h4 Nh7 12.Qd2 f5 13.Bxh6 fxg4 14.Be2 Qf6 15.Be3 Bh6 16.Bxh6
Qxf2+ 17.Kd1 Qg2 18.Bxf8 Qxh1 19.Qe3 Nxf8 20.Kd2 Qxh4 21.Nb5 Bd7 22.Nxc7 Rc8
23.Nb5 Bxb5 24.cxb5 Nh7 25.Rf1 Ng5 26.Bd3 Qh2+ 27.Ne2 Nf3+ 28.Kd1 Na4 29.Rxf3
{#R} 0-1

[Event "It (open)"]
[Site "masterchessopen.com Goch (Germany)"]
[Round "6"]
[White "De Ruijter Luc"]
[Black "Anka Emil (HUN)"]
[Result "0-1"]
[WhiteElo "2180"]
[BlackElo "2382"]

1.d4 Nf6 2.c4 g6 3.Nc3 Bg7 4.e4 d6 5.Be2 O-O 6.Bg5 h6 7.Be3 c5 8.dxc5 Qa5
9.Bd2 dxc5 10.Nf3 Nc6 11.h3 Qd8 12.Be3 b6 13.O-O e6 14.Bf4 Bb7 15.Bd6 Re8
16.Re1 e5 {#R} 0-1

[Event "It (open)"]
[Site "masterchessopen.com Helsinki (Finland)"]
[Round "1"]
[White "Lputian Smbat G (ARM)"]
[Black "Hartikainen Markku (FIN)"]
[Result "1-0"]
[WhiteElo "2585"]
[BlackElo "2294"]

1.d4 Nf6 2.c4 g6 3.Nc3 Bg7 4.e4 d6 5.Be2 O-O 6.Bg5 h6 7.Be3 e5 8.d5 Ne8 9.Qc1
Kh7 10.h4 f5 11.h5 g5 12.exf5 Bxf5 13.g4 Bc8 14.Nf3 Nf6 15.Qc2+ Kg8 16.Nxg5
hxg5 17.h6 Rf7 18.Qg6 Nbd7 19.Bxg5 Nf8 20.h7+ N8xh7 21.Rxh7 Qf8 22.Bd3 e4
23.Bxe4 Nxe4 24.Nxe4 Bxg4 25.Bh6 Re8 26.Bxg7 Rxe4+ 27.Qxe4 Rxg7 28.Rxg7+ Qxg7
29.f3 Bh5 30.O-O-O Qh6+ 31.Rd2 {#r} 1-0

[Event "Ch Hungary (team)"]
[Site "masterchessopen.com Hungary"]
[Round "14"]
[White "Emodi Barnabas (HUN)"]
[Black "Toth Adrienn (HUN)"]
[Result "1-0"]
[WhiteElo "2359"]
[BlackElo "2065"]

1.d4 Nf6 2.c4 g6 3.Nc3 Bg7 4.e4 d6 5.Be2 O-O 6.Bg5 h6 7.Be3 e5 8.d5 Na6 9.Qd2
Kh7 10.h4 Nc5 11.f3 a5 12.g4 Nfd7 13.O-O-O Nb6 14.Nh3 Bd7 15.Rdg1 Nba4 16.Nxa4
Nxa4 17.Nf2 Qb8 18.Nd1 b5 19.h5 g5 20.Nc3 Nxc3 21.Qxc3 c5 22.dxc6 Bxc6 23.Kb1
Rc8 24.cxb5 Bxe4+ 25.fxe4 Rxc3 26.bxc3 Qb7 27.Rd1 Rc8 28.c4 Bf8 29.Rd5 Be7
30.Rhd1 Kg7 31.R5d3 Kf6 32.b6 a4 33.Kc2 Ke6 34.Rb1 Bd8 {#r} 1-0

[Event "Ch Hungary (team)"]
[Site "masterchessopen.com Hungary"]
[Round "9"]
[White "Pasztor Ferenc (HUN)"]
[Black "Ragats Jozsef (HUN)"]
[Result "0-1"]
[WhiteElo "2206"]
[BlackElo "2118"]

1.d4 Nf6 2.c4 g6 3.Nc3 Bg7 4.e4 d6 5.Be2 O-O 6.Bg5 h6 7.Bh4 Nbd7 8.g4 c5 9.d5
b5 10.cxb5 a6 11.g5 hxg5 12.Bxg5 axb5 13.Bxb5 Qa5 14.Bd3 Ne5 15.Bxf6 Bxf6
16.h4 Bg4 17.Be2 Bxe2 18.Qxe2 c4 19.Kf1 Nd3 20.h5 Kg7 21.Nf3 Rab8 22.hxg6 fxg6
23.Qe3 Rxb2 24.Qh6+ Kf7 25.Nd1 Rh8 26.Ng5+ Bxg5 27.Qxh8 Qe1+ 28.Kg2 Rxf2+
29.Nxf2 Qxf2+ 30.Kh3 Nf4+ {#R} 0-1

[Event "Memorial Erkel (open)"]
[Site "masterchessopen.com Hungary"]
[Round "0"]
[White "Blasovszky Istvan (HUN)"]
[Black "Mester Gyula (HUN)"]
[Result "0-1"]
[WhiteElo "2110"]
[BlackElo "2425"]

1.d4 Nf6 2.c4 g6 3.Nc3 Bg7 4.e4 d6 5.Be2 O-O 6.Bg5 h6 7.Bh4 c5 8.d5 a6 9.Nf3
b5 10.Qc2 Bg4 11.Bg3 bxc4 12.O-O Nh5 13.Bxc4 Nxg3 14.hxg3 Bc8 15.Rfe1 Nd7
16.Rad1 Rb8 17.b3 Qa5 18.Ne2 Nb6 19.Nd2 Qb4 20.Nc1 Bg4 21.f3 Bd7 22.Nd3 Qa5
23.e5 Bf5 24.f4 dxe5 25.fxe5 Rbd8 26.Ne4 Nxd5 27.Ndxc5 Bxe5 28.Nxa6 Qb6+
29.Qf2 Ne3 30.Rxd8 Rxd8 31.Nec5 Nxc4 32.Kh2 Bd4 33.Qf4 Bxc5 34.Qxc4 Bf2 35.Rc1
Bd3 {#R} 0-1

[Event "Staatsliga"]
[Site "masterchessopen.com Klagenfurt (Austria)"]
[Round "3"]
[White "Hager Franz (AUT)"]
[Black "Steiner Ulrich A (AUT)"]
[Result "1-0"]
[WhiteElo "2224"]
[BlackElo "2160"]

1.d4 Nf6 2.c4 g6 3.Nc3 Bg7 4.e4 O-O 5.Be2 d6 6.Bg5 h6 7.Be3 e5 8.d5 c6 9.g4
cxd5 10.cxd5 Qa5 11.f3 a6 12.Nh3 b5 13.Qd2 h5 14.Nf2 b4 15.Ncd1 Nbd7 16.g5 Ne8
17.Nd3 Rb8 18.a3 f5 19.Nxb4 fxe4 20.fxe4 Rf4 21.Nc6 Qxd2+ 22.Kxd2 Rxe4 23.Nxb8
Nxb8 24.Bd3 Bf5 25.Rc1 Nd7 26.Rf1 Rh4 27.Bxa6 Rxh2+ 28.Rf2 Rxf2+ 29.Nxf2 e4
30.b4 Ne5 31.a4 Kf7 32.b5 {#r} 1-0

[Event "It (open)"]
[Site "masterchessopen.com Kuala Lumpur (Malaysia)"]
[Round "5"]
[White "Babu N Sudhakar (IND)"]
[Black "Gallagher Joseph G (SUI)"]
[Result "0-1"]
[WhiteElo "2365"]
[BlackElo "2510"]

1.d4 Nf6 2.c4 g6 3.Nc3 Bg7 4.e4 d6 5.Be2 O-O 6.Bg5 h6 7.Be3 e5 8.d5 Na6 9.g4
c6 10.h4 Qa5 11.f3 h5 12.g5 Ne8 13.Nh3 Bd7 14.Qd2 Nc5 15.Rb1 Qd8 16.b4 cxd5
17.exd5 Na4 18.Ne4 a5 19.a3 axb4 20.axb4 Nb6 21.Nhf2 Nc8 22.Ng3 Ne7 23.Rc1 Ra3
24.Nfe4 Nf5 25.Nxf5 gxf5 26.Nc3 f4 27.Bf2 f5 28.O-O Qe7 29.Ra1 Rxa1 30.Rxa1 e4
31.Bd4 Nc7 32.Ra7 Bxd4+ 33.Qxd4 exf3 34.Kf1 fxe2+ 35.Nxe2 Re8 36.Qf2 Nxd5
37.Rxb7 Ne3+ 38.Ke1 Qe4 {#R} 0-1

[Event "Olympiad"]
[Site "masterchessopen.com Manila (Philippines)"]
[Round "2"]
[White "Levitina Irina S (USA)"]
[Black "Matveeva Svetlana (RUS)"]
[Result "1-0"]
[WhiteElo "2415"]
[BlackElo "2425"]

1.d4 Nf6 2.c4 g6 3.Nc3 Bg7 4.e4 d6 5.Be2 O-O 6.Bg5 h6 7.Be3 c5 8.dxc5 Qa5
9.Bd2 dxc5 10.e5 Ne8 11.Nf3 Nc6 12.O-O Bg4 13.Qc1 Bxf3 14.Bxf3 Nxe5 15.Bxb7
Rb8 16.Be4 Nxc4 17.Bxh6 Bxh6 18.Qxh6 e6 19.Rad1 Nxb2 20.Bxg6 fxg6 21.Rd7 Rf7
22.Qxg6+ Rg7 23.Qxe6+ Kh8 24.Qe5 Qb4 25.Nd5 Qb5 26.Qh5+ Kg8 27.Ne7+ Kf8
28.Qh8+ Kf7 29.Nc6+ Ke6 30.Nxb8 {#r} 1-0

[Event "Memorial A.Alekhine (a)"]
[Site "masterchessopen.com Moscow (Russia)"]
[Round "0"]
[White "Jussupow Artur (GER)"]
[Black "Shirov Alexei (ESP)"]
[Result "1-0"]
[WhiteElo "2640"]
[BlackElo "2710"]

1.d4 Nf6 2.c4 g6 3.Nc3 Bg7 4.e4 d6 5.Be2 O-O 6.Bg5 h6 7.Be3 Nbd7 8.Qd2 c5 9.d5
Kh7 10.h3 b5 11.cxb5 Qa5 12.Rc1 a6 13.b6 Nxb6 14.Qc2 e6 15.Bd2 Rb8 16.b3 exd5
17.Nb1 Qxd2+ 18.Nxd2 dxe4 19.Nxe4 Nxe4 20.Qxe4 Bb7 21.Qd3 c4 22.bxc4 Bxg2
23.Bf3 Rfe8+ 24.Ne2 Bxh1 25.Bxh1 Nd7 26.Kf1 Rb2 27.Ng3 Re6 28.Bd5 Rf6 29.Rc2
Rb1+ 30.Kg2 Nc5 31.Qe3 h5 32.Re2 Bh6 33.Qe8 Nd3 34.Nxh5 Rf5 35.Be4 Ne1+
36.Rxe1 Rxe1 37.Bxf5 Rxe8 38.Nf6+ Kg7 39.Nxe8+ Kf8 40.Bd7 {#r} 1-0

[Event "Ch Russia (team)"]
[Site "masterchessopen.com Podolsk (Russia)"]
[Round "0"]
[White "Sorokin Maxim (RUS)"]
[Black "Magerramov Elmar (AZE)"]
[Result "1-0"]
[WhiteElo "2570"]
[BlackElo "2565"]

1.d4 Nf6 2.c4 g6 3.Nc3 Bg7 4.e4 d6 5.Be2 O-O 6.Bg5 h6 7.Be3 c5 8.e5 dxe5
9.dxe5 Qxd1+ 10.Rxd1 Ng4 11.Bxc5 Nxe5 12.Bxe7 Re8 13.Nd5 Nbc6 14.Bc5 Nxc4
15.Nc7 Be6 16.Nxa8 Rxa8 17.Bxc4 Bxc4 18.Ne2 Ne5 19.Nc1 Re8 20.Kd2 b6 21.Bd4
Rd8 22.Kc2 Bd5 23.Rhe1 Nc6 24.Bxg7 Kxg7 25.f3 Rc8 26.Kb1 Be6 27.b3 Nb4 28.Rd2
a5 29.Kb2 Kf6 30.a3 Nd5 31.Ne2 a4 32.Nd4 axb3 33.Nxe6 fxe6 34.Rc1 Rd8 35.Rc6
Rd7 36.Kxb3 h5 37.h4 Kf5 38.g3 Rf7 39.Re2 Re7 40.f4 {#r} 1-0